Estatísticas para Países do Mar Cáspio

Clique aqui para jogar o quiz

Estatísticas Gerais

  • Esse quiz foi jogado 1 112 vezes
  • A pontuação média é 4 de 5

Estatísticas das Respostas

País% Correto
Rússia
89%
Azerbaijão
84%
Cazaquistão
81%
Turcomenistão
81%
Irã
79%

Distribuição das Pontuações

Percentil de Números Respondidos

Porcentagem de Pessoas com Cada Pontuação

Sua Pontuação Histórica

Você não jogou esse quiz